Fundamentos de mercadotecnia / (Registro nro. 10345)
[ vista simple ]
| 000 -LIDER | |
|---|---|
| fixed length control field | 00607nam a22002177a 4500 |
| 001 - NÚMERO DE CONTROL | |
| Identificador de número de control | 00521 |
| 003 - IDENTIFICACDOR DE NÚMERO DE CONTROL | |
| control field | DO-SdBNP |
| 005 - DATE AND TIME OF LATEST TRANSACTION | |
| control field | 20160609150642.0 |
| 007 - CAMPOS FIJOS DE DESCRIPCIÓN FÍSICA | |
| fixed length control field | 00521 |
| 008 - ELEMENTOS DE LONGITUD FIJA | |
| fixed length control field | 160609b mx1985||||| |||| 00| 0 spa d |
| 020 ## - ISBN | |
| International Standard Book Number | 9684516533 |
| 040 ## - FUENTE DE CATALOGACIÓN | |
| Agencia que crea de manera original el registro | BPMSU |
| Idioma de catalogación | spa |
| Agencia que realiza la transcripción | BPMSU |
| 092 ## - LOCALLY ASSIGNED DEWEY DECIMAL CALL NUMBER | |
| Número de clasificación | xxxxxxx |
| Número de ítem (Cutter) | xxxxxxx |
| 100 1# - ASIENTO PRINCIPAL -- NOMBRE PERSONAL | |
| Nombre personal | J. Stanton, William |
| 245 1# - MENCIÓN DE TITULO | |
| Título | Fundamentos de mercadotecnia / |
| Mención de responsabilidad | William J. Stanton |
| 250 ## - MENCIÓN DE EDICION | |
| Mención de edición | 7a ed. |
| Mención de responsabilidad relacionada con la edición | (Tercera edición en español) |
| 260 ## - PUBLICACIÓN, DISTRIBUCIÓN, ETC. (PIE DE IMPRENTA) | |
| Lugar de publicación, distribución, etc | México : |
| Nombre del editor, distribuidor, etc. | McGraw-Hill, |
| Fecha de publicación, distribución, etc | 1985. |
| 300 ## - DESCRIPCIÓN FÍSICA | |
| Extensión | xxiv, 779 p. : |
| Otros detalles físicos | il., |
| Dimensiones | 24 cm. |
| 942 ## - ADDED ENTRY ELEMENTS (KOHA) | |
| Source of classification or shelving scheme | Dewey Decimal Classification |
| Koha item type | Libros |
| 956 ## - LOCAL ELECTRONIC LOCATION AND ACCESS (OCLC) | |
| Nombre de host | BTAVÄREZ |
| Número de acceso | 10 |
| Información de compresión | 09062106 |
| Trayectoria | 00521 |
| Withdrawn status | Lost status | Source of classification or shelving scheme | Damaged status | Not for loan | Collection code | Home library | Current library | Date acquired | Source of acquisition | Total Checkouts | Barcode | Date last seen | Price effective from | Koha item type |
|---|---|---|---|---|---|---|---|---|---|---|---|---|---|---|
| Dewey Decimal Classification | Biblioteca Pública Metropolitana Salomé Ureña | Biblioteca Pública Metropolitana Salomé Ureña | 06/09/2016 | Donación | BPMSU16060137 | 06/09/2016 | 06/09/2016 | Libros |